[Event "Oberliga Nord N 1920"]
[Site "Germany"]
[Date "2020.02.09"]
[Round "6.4"]
[White "Neffe, Axel"]
[Black "Schulenburg, Torben"]
[Result "0-1"]
[WhiteElo "2251"]
[BlackElo "2162"]
[PlyCount "160"]
[EventDate "2019.09.29"]
[EventType "team-tourn"]
[EventRounds "9"]
[EventCountry "GER"]
[SourceTitle "CBM 195 Extra"]
[Source "ChessBase"]
[SourceDate "2020.05.31"]
[SourceVersion "1"]
[SourceVersionDate "2020.05.31"]
[SourceQuality "1"]

1. e4 e6 2. d4 d5 3. Nc3 Bb4 4. e5 c5 5. a3 Bxc3+ 6. bxc3 Ne7 7. Qg4 0-0 8. Bd3 f5 9. exf6 Rxf6 10. Bg5 Rf7 11. Qh5 g6 12. Qd1 Nbc6 13. Nf3 Qa5 14. h4 c4 15. Be2 Nf5 16. Bd2 Bd7 17. h5 gxh5 18. Rxh5 Rg7 19. g3 Rf8 20. Qc1 Be8 21. Rh2 Bg6 22. Ne5 Nxe5 23. dxe5 Rd7 24. Qb2 Qc7 25. Bf4 d4 26. Rd1 dxc3 27. Qxc3 Rxd1+ 28. Bxd1 b5 29. Qb4 Rb8 30. g4 a5 31. Qd2 Rd8 32. Qc3 Nd4 33. f3 Qc5 34. Rd2 b4 35. axb4 axb4 36. Qe3 c3 37. Rf2 Rd5 38. Kf1 Nc6 39. Qxc5 Rxc5 40. Bg3 b3 41. cxb3 c2 42. Bxc2 Rxc2 43. Rxc2 Bxc2 44. Ke2 Bxb3 45. f4 Bc2 46. Kd2 Bb1 47. Kc3 Kf7 48. Kc4 Be4 49. Kc5 Ne7 50. Kd6 Bf3 51. f5 Bxg4 52. fxe6+ Bxe6 53. Be1 Nf5+ 54. Kc5 Kg6 55. Kb4 Kg5 56. Kc3 Kg4 57. Kd3 Kf3 58. Bd2 Kg4 59. Ke2 h5 60. Be1 Nd4+ 61. Kf1 Nf3 62. Bf2 Bc4+ 63. Kg2 Bd5 64. e6 Nd2+ 65. Kg1 Bxe6 66. Kg2 Ne4 67. Be1 Bc4 68. Kh2 h4 69. Bxh4 Kxh4 70. Kg2 Kg4 71. Kh2 Bf1 72. Kg1 Bh3 73. Kh2 Kh4 74. Kh1 Kg3 75. Kg1 Ng5 76. Kh1 Bf1 77. Kg1 Bb5 78. Kh1 Ba6 79. Kg1 Nh3+ 80. Kh1 Bb7# 0-1

[Event "Oberliga Nord N 1920"]
[Site "Germany"]
[Date "2019.10.20"]
[Round "2.3"]
[White "Dyrgaard, Kristoffer"]
[Black "Neffe, Axel"]
[Result "1-0"]
[WhiteElo "2306"]
[BlackElo "2234"]
[PlyCount "65"]
[EventDate "2019.09.29"]
[EventType "team-tourn"]
[EventRounds "9"]
[EventCountry "GER"]
[SourceTitle "CBM 195 Extra"]
[Source "ChessBase"]
[SourceDate "2020.05.31"]
[SourceVersion "1"]
[SourceVersionDate "2020.05.31"]
[SourceQuality "1"]

1. e4 c5 2. Nf3 e6 3. d4 cxd4 4. Nxd4 Nc6 5. Nc3 Qc7 6. Be3 a6 7. Bd3 Nf6 8. 0-0 Ne5 9. Nf3 Nfg4 10. Nxe5 Nxe5 11. f4 Nc4 12. Bxc4 Qxc4 13. Qf3 Be7 14. Rad1 0-0 15. f5 f6 16. Rd3 Bc5 17. Rfd1 b5 18. b3 Bxe3+ 19. Qxe3 Qc7 20. a3 Rb8 21. Rd6 Rf7 22. b4 Ra8 23. Kf2 Re7 24. Qc5 Qxc5+ 25. bxc5 Kf7 26. fxe6+ Rxe6 27. Rxe6 Kxe6 28. Rd6+ Ke5 29. Ke3 Ra7 30. Nd5 f5 31. exf5 a5 32. g4 Ba6 33. Nb6 1-0

[Event "Berlin Lichtenberger op 18th"]
[Site "Berlin"]
[Date "2019.08.25"]
[Round "9"]
[White "Mertens, Fridolin"]
[Black "Neffe, Axel"]
[Result "0-1"]
[WhiteElo "2113"]
[BlackElo "2198"]
[PlyCount "126"]
[EventDate "2019.08.17"]
[EventType "swiss"]
[EventRounds "9"]
[EventCountry "GER"]
[SourceTitle "EXT 2020"]
[Source "ChessBase"]
[SourceDate "2019.10.17"]
[SourceVersion "1"]
[SourceVersionDate "2019.10.17"]
[SourceQuality "1"]

1. e4 c5 2. Nf3 Nc6 3. d4 cxd4 4. Nxd4 Nf6 5. Nc3 d6 6. Be2 e5 7. Nb3 Be7 8. 0-0 Be6 9. Kh1 0-0 10. f4 exf4 11. Bxf4 Ne5 12. Nd4 Qb6 13. Nd5 Bxd5 14. exd5 g6 15. c4 Rfe8 16. b3 Ne4 17. Be3 Bg5 18. Bg1 Qd8 19. Nf3 Nc3 20. Qc2 Nxe2 21. Qxe2 Ng4 22. Qd3 Bf6 23. Rae1 Qa5 24. h3 Ne5 25. Nxe5 Bxe5 26. Re2 Re7 27. Rfe1 Rae8 28. Bf2 a6 29. a4 Qb4 30. Re4 Qa5 31. Bh4 f6 32. Bf2 Qc7 33. R4e2 Qa5 34. Re4 Rc8 35. R4e2 Rd7 36. Rf1 b5 37. cxb5 Rc3 38. Qb1 axb5 39. Be1 b4 40. Bxc3 bxc3 41. Qd3 Rc7 42. Re4 Rb7 43. Rb1 Rb4 44. Rxe5 fxe5 45. Qxc3 Qb6 46. Qc8+ Kg7 47. Qc6 Qf2 48. Qxd6 Re4 49. Qc7+ Kh6 50. Qc1+ g5 51. Qf1 Qxf1+ 52. Rxf1 Rd4 53. Rb1 e4 54. b4 e3 55. Kg1 e2 56. Kf2 Rd1 57. Kxe2 Rxb1 58. b5 Kg6 59. Kd3 Rb4 60. b6 Rxb6 61. Kc4 Kf6 62. Kc5 Ra6 63. Kb5 Rd6 0-1

[Event "Barcelona Sant Marti op-A 19th"]
[Site "Barcelona"]
[Date "2017.07.16"]
[Round "4"]
[White "Fuentes Godoy, Lilia Ivonne"]
[Black "Neffe, Axel"]
[Result "0-1"]
[WhiteElo "2069"]
[BlackElo "2257"]
[PlyCount "124"]
[EventDate "2017.07.13"]
[EventType "swiss"]
[EventRounds "9"]
[EventCountry "ESP"]
[SourceTitle "EXT 2018"]
[Source "ChessBase"]
[SourceDate "2017.10.13"]
[SourceVersion "1"]
[SourceVersionDate "2017.10.13"]
[SourceQuality "1"]

1. d4 Nf6 2. c4 c5 3. d5 e6 4. Nc3 exd5 5. cxd5 d6 6. e4 g6 7. h3 Bg7 8. Nf3 0-0 9. Bd3 Nh5 10. 0-0 Nd7 11. Bg5 Bf6 12. Be3 a6 13. a4 Re8 14. Nd2 Bg5 15. f4 Bf6 16. g4 Ng7 17. Nc4 Nb6 18. Qf3 Nxc4 19. Bxc4 Bd4 20. Rae1 Rb8 21. Bxd4 cxd4 22. Ne2 f5 23. Nxd4 Qb6 24. Qf2 fxg4 25. Kh2 gxh3 26. Rg1 Qc7 27. b3 Kh8 28. e5 Bf5 29. e6 Qc5 30. Re2 b5 31. axb5 axb5 32. Nxb5 Rxb5 33. Bxb5 Qxb5 34. Rd2 Qxb3 35. Qd4 Kg8 36. Rg3 Qb1 37. Rc3 Be4 38. Rd1 Qa2+ 39. Rd2 Nf5 40. Rxa2 Nxd4 41. Ra4 Nf3+ 42. Kxh3 Bxd5 43. Kg3 Rxe6 44. Rc8+ Kf7 45. Ra7+ Re7 46. Rh8 Rxa7 47. Rxh7+ Ke6 48. Rxa7 Be4 49. Ra4 d5 50. Ra8 Kd6 51. Kf2 Nd4 52. Ra5 Nc6 53. Ra4 Kc5 54. Ke3 Bf5 55. Ra1 d4+ 56. Kd2 Nb4 57. Ra5+ Kc4 58. Ra4 Kb5 59. Ra1 Nd3 60. Rf1 Kc4 61. Ke2 Kc3 62. Kd1 Bg4+ 0-1

[Event "Barcelona Sant Marti op-A 19th"]
[Site "Barcelona"]
[Date "2017.07.13"]
[Round "1"]
[White "Neffe, Axel"]
[Black "Rakshitta, Ravi"]
[Result "1-0"]
[WhiteElo "2257"]
[BlackElo "1974"]
[PlyCount "119"]
[EventDate "2017.07.13"]
[EventType "swiss"]
[EventRounds "9"]
[EventCountry "ESP"]
[SourceTitle "EXT 2018"]
[Source "ChessBase"]
[SourceDate "2017.10.13"]
[SourceVersion "1"]
[SourceVersionDate "2017.10.13"]
[SourceQuality "1"]

1. e4 e5 2. Nf3 Nc6 3. Bb5 a6 4. Ba4 Nge7 5. c3 g6 6. d4 exd4 7. 0-0 Bg7 8. Bg5 b5 9. Bb3 0-0 10. cxd4 h6 11. Bh4 d6 12. a4 Bg4 13. Bxe7 Qxe7 14. Bd5 Nxd4 15. Nxd4 Bxd1 16. Nc6 Qh4 17. Rxd1 Rae8 18. Nc3 b4 19. Ne2 Bxb2 20. Rab1 Be5 21. Ng3 Bxg3 22. hxg3 Qg4 23. Nxb4 a5 24. Nc6 Kh8 25. Rd4 Qe2 26. Nxa5 f5 27. Nc4 fxe4 28. Rd2 Qg4 29. a5 Rb8 30. Ra1 c6 31. Bxc6 Rbc8 32. Ne3 Qe6 33. Bb7 Qe5 34. Rda2 Rc3 35. a6 Qb5 36. Bxe4 Rxe3 37. fxe3 d5 38. Bf3 Qb6 39. a7 Qxe3+ 40. Kh2 Ra8 41. Bxd5 Rxa7 42. Rxa7 Qe5 43. Rc1 Qh5+ 44. Kg1 Qg4 45. Ra8+ Kg7 46. Bf3 Qxg3 47. Rd1 h5 48. Ra4 Qg5 49. Ra7+ Kh6 50. Ra4 Qe3+ 51. Kf1 Qc5 52. Rad4 Qb5+ 53. Kg1 Qc5 54. Kh1 Qg5 55. Re4 Qf6 56. Rd5 Qa1+ 57. Kh2 Qb2 58. Re6 Kh7 59. Rd7+ Kh6 60. Rdd6 1-0

[Event "Politiken Cup 36th"]
[Site "Helsingor"]
[Date "2014.07.29"]
[Round "10"]
[White "Kristiansen, Jens"]
[Black "Neffe, Axel"]
[Result "1-0"]
[WhiteElo "2412"]
[BlackElo "2252"]
[PlyCount "87"]
[EventDate "2014.07.21"]
[EventType "swiss"]
[EventRounds "10"]
[EventCountry "DEN"]
[SourceTitle "CBM 161 Extra"]
[Source "ChessBase"]
[SourceDate "2014.08.29"]
[SourceVersion "1"]
[SourceVersionDate "2014.08.29"]
[SourceQuality "1"]

1. d4 Nf6 2. c4 e6 3. Nc3 Bb4 4. e3 0-0 5. Bd3 d5 6. Nf3 Nc6 7. 0-0 a6 8. Ne5 Nxe5 9. dxe5 Bxc3 10. bxc3 dxc4 11. Bxc4 Nd5 12. Qc2 Bd7 13. Ba3 Re8 14. Rad1 Ne7 15. Bd3 h6 16. Bh7+ Kh8 17. Be4 Rb8 18. Qd3 Nd5 19. c4 Nb6 20. Qe2 Qc8 21. f4 Nxc4 22. Qxc4 Bb5 23. Qc3 Bxf1 24. Rxf1 Qd7 25. Rc1 Red8 26. Bb4 Qa4 27. Qb3 Qd7 28. h3 Kg8 29. Kh2 Rdc8 30. Rf1 c5 31. Bc3 b5 32. Rd1 Qa7 33. Ba5 b4 34. Qc4 Rb5 35. Bd8 Rbb8 36. Bh4 a5 37. f5 Qb6 38. fxe6 Qxe6 39. Bd5 Qe8 40. e6 f6 41. Bg3 Rb6 42. Qe4 a4 43. e7+ Kh8 44. Bf7 1-0

[Event "Barcelona Sant Marti op 13th"]
[Site "Barcelona"]
[Date "2011.07.18"]
[Round "6"]
[White "Gonzalez Perez, Arian"]
[Black "Neffe, Axel"]
[Result "1-0"]
[WhiteElo "2490"]
[BlackElo "2260"]
[PlyCount "79"]
[EventDate "2011.07.13"]
[EventType "swiss"]
[EventRounds "9"]
[EventCountry "ESP"]
[SourceTitle "CBM 143 Extra"]
[Source "ChessBase"]
[SourceDate "2011.08.29"]
[SourceVersion "1"]
[SourceVersionDate "2011.08.29"]
[SourceQuality "1"]

1. d4 Nf6 2. c4 c5 3. d5 e6 4. Nc3 exd5 5. cxd5 d6 6. e4 g6 7. f4 Bg7 8. Bb5+ Nfd7 9. Nf3 a6 10. Bd3 b5 11. 0-0 0-0 12. a3 Bb7 13. Kh1 Nf6 14. f5 Nbd7 15. Bg5 b4 16. Ne2 Qb6 17. Ng3 Rae8 18. Qc2 c4 19. Bxc4 Ng4 20. h3 Ne3 21. Bxe3 Qxe3 22. axb4 Be5 23. Ra3 Qb6 24. Nxe5 Rxe5 25. Qd2 Rc8 26. Qh6 Qd8 27. fxg6 fxg6 28. Rf7 Kxf7 29. Qxh7+ Kf8 30. Rf3+ Nf6 31. Qxg6 Ke7 32. Qg7+ Ke8 33. Rxf6 Qe7 34. Qg6+ Kd8 35. Rf7 Rg5 36. Qh7 Qe8 37. b3 Rb8 38. Nf5 Bc8 39. Nxd6 Qg8 40. Qh6 1-0

[Event "Barcelona Sant Marti op 13th"]
[Site "Barcelona"]
[Date "2011.07.14"]
[Round "2"]
[White "Perez Mitjans, Orelvis"]
[Black "Neffe, Axel"]
[Result "1-0"]
[WhiteElo "2452"]
[BlackElo "2260"]
[PlyCount "113"]
[EventDate "2011.07.13"]
[EventType "swiss"]
[EventRounds "9"]
[EventCountry "ESP"]
[SourceTitle "CBM 143 Extra"]
[Source "ChessBase"]
[SourceDate "2011.08.29"]
[SourceVersion "1"]
[SourceVersionDate "2011.08.29"]
[SourceQuality "1"]

1. e4 c5 2. Nf3 e6 3. c3 Nf6 4. Qe2 Be7 5. g3 d5 6. e5 Nfd7 7. d3 Nc6 8. h4 b6 9. Bh3 Bb7 10. 0-0 Qc7 11. Bf4 g6 12. d4 h6 13. Be3 0-0-0 14. Rc1 Kb8 15. Nbd2 c4 16. b3 Na5 17. b4 Nc6 18. a4 Rde8 19. Nb1 Nd8 20. b5 Bc8 21. a5 bxa5 22. Nbd2 Nb7 23. Bg2 Nb6 24. Nh2 a4 25. Qf3 Ref8 26. Ng4 h5 27. Nf6 Na5 28. Ra2 Bd7 29. Bg5 Bxb5 30. Rb1 Nb3 31. Qf4 Bd8 32. Bh6 Nd7 33. Bxf8 Nxf8 34. Qf3 Qc6 35. Qe3 Nd7 36. Nf3 Nxf6 37. exf6 Ba5 38. Ne5 Qc7 39. Rc2 a6 40. Rbb2 Ka7 41. Ra2 Rb8 42. Qh6 Bb6 43. Kh2 Be8 44. f4 Bxd4 45. cxd4 Nxd4 46. Rd2 c3 47. Rxd4 c2 48. Nd3 Qc3 49. Rxc2 Qxd4 50. Qf8 Qxd3 51. Rc7+ Ka8 52. Qc5 Rb7 53. Rc8+ Rb8 54. Rxe8 Qb3 55. Qc6+ Qb7 56. Rxb8+ Kxb8 57. Qxa4 1-0

[Event "Paris-ch"]
[Site "Paris"]
[Date "2010.07.10"]
[Round "8"]
[White "Neffe, Axel"]
[Black "Willemze, Thomas"]
[Result "0-1"]
[WhiteElo "2235"]
[BlackElo "2405"]
[PlyCount "100"]
[EventDate "2010.07.03"]
[EventType "swiss"]
[EventRounds "9"]
[EventCountry "FRA"]
[SourceTitle "CBM 137 Extra"]
[Source "ChessBase"]
[SourceDate "2010.09.01"]
[SourceVersion "1"]
[SourceVersionDate "2010.09.01"]
[SourceQuality "1"]

1. d4 Nf6 2. c4 e6 3. Nc3 Bb4 4. e3 0-0 5. Nge2 d5 6. cxd5 exd5 7. g3 Re8 8. Bg2 c6 9. 0-0 Nbd7 10. f3 c5 11. a3 cxd4 12. axb4 dxc3 13. Nxc3 Ne5 14. Qd4 Nc6 15. Qh4 Qb6 16. b5 Ne5 17. Qd4 Nc4 18. Qxb6 Nxb6 19. Rd1 Bf5 20. g4 Be6 21. Ne2 Nfd7 22. Nd4 Nc5 23. b3 Bd7 24. b4 Nca4 25. Rd3 Rac8 26. Bf1 Nc3 27. Rd2 Rxe3 28. Rc2 Re1 29. Kf2 Rd1 30. Nc6 Bxc6 31. bxc6 Rxc6 32. Rd2 Ne4+ 33. fxe4 Rf6+ 34. Kg2 Rfxf1 35. Rxa7 Rg1+ 36. Kf2 Rdf1+ 37. Ke2 Rxc1 38. Rxb7 Rg2+ 39. Ke3 Nc4+ 40. Kf3 Nxd2+ 41. Kxg2 h5 42. exd5 Nc4 43. gxh5 Ne3+ 44. Kg3 Nxd5 45. b5 Rb1 46. Kf3 Rb4 47. Kg3 Nc3 48. b6 Na4 49. Rb8+ Kh7 50. Rf8 f6 0-1

[Event "Paris-ch"]
[Site "Paris"]
[Date "2010.07.04"]
[Round "2"]
[White "Neffe, Axel"]
[Black "D'Costa, Lorin AR"]
[Result "1/2-1/2"]
[WhiteElo "2235"]
[BlackElo "2456"]
[PlyCount "177"]
[EventDate "2010.07.03"]
[EventType "swiss"]
[EventRounds "9"]
[EventCountry "FRA"]
[SourceTitle "CBM 137 Extra"]
[Source "ChessBase"]
[SourceDate "2010.09.01"]
[SourceVersion "1"]
[SourceVersionDate "2010.09.01"]
[SourceQuality "1"]

1. e4 c5 2. Nf3 e6 3. d4 cxd4 4. Nxd4 Nf6 5. Nc3 d6 6. f4 a6 7. Qf3 Qc7 8. g4 Nc6 9. Nb3 b5 10. g5 Nd7 11. Be3 Be7 12. a3 Bb7 13. Bd3 Nc5 14. 0-0 0-0 15. Qh5 g6 16. Qh6 Rfe8 17. Nxc5 dxc5 18. e5 Bf8 19. Qh4 Ne7 20. Ne4 Bxe4 21. Bxe4 Rad8 22. Rf3 Nf5 23. Bxf5 exf5 24. Rh3 h5 25. gxh6 Kh7 26. Qf2 Rd7 27. Re1 Qc6 28. Qf3 Qxf3 29. Rxf3 Kxh6 30. Kf2 Red8 31. Ke2 Be7 32. Rg1 Kg7 33. h4 Rh8 34. Bf2 c4 35. c3 Rd5 36. Rh3 Rh5 37. Bd4 Kf8 38. e6 Rd6 39. exf7 Re6+ 40. Kf3 Rxh4 41. Rxh4 Bxh4 42. Rh1 Bf6 43. Bc5+ Be7 44. Bd4 Kxf7 45. Rh7+ Ke8 46. Rg7 Kf8 47. Rh7 Re1 48. Rg7 Re6 49. Rh7 Ke8 50. Rg7 Bh4 51. a4 bxa4 52. Rc7 Be7 53. Rxc4 a3 54. b3 Re1 55. Ra4 Rf1+ 56. Ke3 Re1+ 57. Kf3 Rf1+ 58. Ke3 Ra1 59. c4 Rb1 60. Rxa6 Rxb3+ 61. Ke2 Kf7 62. c5 Rb5 63. Rxa3 Bxc5 64. Bxc5 Rxc5 65. Kf3 Kg7 66. Ra8 Rc3+ 67. Kf2 Rc7 68. Ra1 Rc8 69. Kf3 Rh8 70. Ra7+ Kh6 71. Ra1 Rh7 72. Ra6 Rb7 73. Ra3 Kh5 74. Kg3 Rb1 75. Rc3 Rg1+ 76. Kf2 Rg4 77. Kf3 Kh4 78. Rc6 Rg3+ 79. Kf2 Kh3 80. Ra6 Rg2+ 81. Kf3 Rg1 82. Rb6 Rf1+ 83. Ke3 Rg1 84. Kf3 Kh2 85. Rb2+ Kh3 86. Rb6 Rg3+ 87. Kf2 Kh4 88. Ra6 Rg4 89. Kf3 1/2-1/2

[Event "Berlin Lichtenberger op 8th"]
[Site "Berlin"]
[Date "2009.08.21"]
[Round "7"]
[White "Graefe, Charly"]
[Black "Neffe, Axel"]
[Result "1-0"]
[WhiteElo "1889"]
[BlackElo "2235"]
[PlyCount "65"]
[EventDate "2009.08.15"]
[EventType "swiss"]
[EventRounds "9"]
[EventCountry "GER"]
[SourceTitle "CBM 131 Extra"]
[Source "ChessBase"]
[SourceDate "2009.09.03"]
[SourceVersion "2"]
[SourceVersionDate "2009.09.16"]
[SourceQuality "1"]

1. e4 c5 2. Nc3 Nc6 3. g3 g6 4. Bg2 Bg7 5. d3 Rb8 6. Be3 b5 7. Qd2 b4 8. Nd1 Qa5 9. Ne2 Nd4 10. 0-0 e6 11. c3 Nb3 12. axb3 Qxa1 13. Bxc5 bxc3 14. Ndxc3 Qa5 15. b4 Qc7 16. Ra1 a6 17. e5 Bxe5 18. d4 Bf6 19. Ne4 Be7 20. Bxe7 Kxe7 21. d5 exd5 22. Nf4 Bb7 23. Nxd5+ Bxd5 24. Qxd5 Rb6 25. Ng5 Nh6 26. Re1+ Kf8 27. Qd4 f6 28. Qe3 Qd8 29. Qc5+ d6 30. Ne6+ Kg8 31. Qd5 Qd7 32. Nc5+ Qf7 33. Re8+ 1-0

[Event "BL2-Nord 0607"]
[Site "Germany"]
[Date "2007.04.22"]
[Round "9.4"]
[White "Neffe, Axel"]
[Black "Pueschel, Werner"]
[Result "1-0"]
[WhiteElo "2260"]
[BlackElo "2185"]
[PlyCount "77"]
[EventDate "2006.10.15"]
[EventType "team-tourn"]
[EventRounds "9"]
[EventCountry "GER"]
[SourceTitle "EXT 2008"]
[Source "ChessBase"]
[SourceDate "2007.11.25"]
[SourceVersion "1"]
[SourceVersionDate "2007.11.25"]
[SourceQuality "1"]
[WhiteTeam "Hamburg Schachfreunde"]
[BlackTeam "Steglitz Wilmersdorf"]
[WhiteTeamCountry "GER"]
[BlackTeamCountry "GER"]

1. d4 Nf6 2. c4 c5 3. d5 e6 4. Nc3 exd5 5. cxd5 d6 6. e4 g6 7. Bd3 Bg7 8. Nge2 0-0 9. 0-0 Re8 10. Ng3 a6 11. a4 Nbd7 12. f4 Qc7 13. h3 Rb8 14. Qf3 c4 15. Bc2 b5 16. axb5 axb5 17. Be3 b4 18. Ra7 Qd8 19. Nce2 b3 20. Bb1 Rb7 21. Ra6 Nb8 22. Ra4 Rbe7 23. Bf2 Ba6 24. Nc3 Nfd7 25. Rd1 Nb6 26. Rb4 N8d7 27. e5 Nc8 28. e6 fxe6 29. dxe6 Rxe6 30. f5 Rf6 31. Qc6 Ne5 32. Qxa6 d5 33. Qb7 Nc6 34. Rxd5 Rd6 35. Rxd6 Qxd6 36. Rxc4 Na5 37. Qb5 Nxc4 38. Qxe8+ Qf8 39. Qe6+ 1-0

[Event "BL2-Nord 0607"]
[Site "Germany"]
[Date "2007.02.04"]
[Round "5.3"]
[White "Neffe, Axel"]
[Black "Huschenbeth, Niclas"]
[Result "0-1"]
[WhiteElo "2260"]
[BlackElo "2240"]
[PlyCount "32"]
[EventDate "2006.10.15"]
[EventType "team-tourn"]
[EventRounds "9"]
[EventCountry "GER"]
[SourceTitle "EXT 2008"]
[Source "ChessBase"]
[SourceDate "2007.11.25"]
[SourceVersion "1"]
[SourceVersionDate "2007.11.25"]
[SourceQuality "1"]
[WhiteTeam "Hamburg Schachfreunde"]
[BlackTeam "Hamburger SK II"]
[WhiteTeamCountry "GER"]
[BlackTeamCountry "GER"]

1. e4 e5 2. f4 exf4 3. Bc4 c6 4. Nc3 d5 5. exd5 Qh4+ 6. Kf1 f3 7. d4 fxg2+ 8. Kxg2 Nf6 9. Qe2+ Kd8 10. Nf3 Bh3+ 11. Kg1 Qg4+ 12. Kf2 Qg2+ 13. Ke3 Qxh1 14. Ne5 Bd6 15. Bd2 Qxa1 16. Be1 Qc1+ 0-1

[Event "BL2-Nord 0304"]
[Site "Germany"]
[Date "2004.??.??"]
[Round "?.2"]
[White "Neffe, Axel"]
[Black "Blauert, Joerg"]
[Result "1/2-1/2"]
[WhiteElo "2270"]
[BlackElo "2365"]
[PlyCount "51"]
[EventDate "2003.10.??"]
[EventType "team-tourn"]
[EventRounds "9"]
[EventCountry "GER"]
[SourceTitle "CBM 100 Extra"]
[Source "ChessBase"]
[SourceDate "2004.07.06"]
[SourceVersion "2"]
[SourceVersionDate "2004.07.06"]
[SourceQuality "1"]
[WhiteTeam "Hamburg Schachfreunde"]
[BlackTeam "Luebeck"]
[WhiteTeamCountry "GER"]
[BlackTeamCountry "GER"]

1. d4 d5 2. c4 e6 3. Nc3 c5 4. cxd5 exd5 5. Nf3 Nc6 6. g3 Nf6 7. Bg2 Be7 8. 0-0 0-0 9. Be3 c4 10. Ne5 h6 11. h3 Bb4 12. Na4 Re8 13. b3 cxb3 14. Qxb3 Qe7 15. Kh2 Bf5 16. Rac1 Na5 17. Qd1 Ba3 18. Rc3 Bb4 19. Rc1 Ba3 20. Rc3 Rec8 21. Bd2 Bb4 22. Re3 Bc2 23. Qe1 Bxd2 24. Qxd2 Qe8 25. Rc1 Bf5 26. Rxc8 1/2-1/2

[Event "Oberliga Nord N 0102"]
[Site "Germany"]
[Date "2002.03.17"]
[Round "7.1"]
[White "Sievers, Stefan"]
[Black "Neffe, Axel"]
[Result "1/2-1/2"]
[WhiteElo "2350"]
[BlackElo "2260"]
[PlyCount "90"]
[EventDate "2001.10.07"]
[EventType "team"]
[EventRounds "9"]
[EventCountry "GER"]
[SourceTitle "EXT 2002"]
[Source "ChessBase"]
[SourceDate "2001.11.25"]
[SourceVersion "1"]
[SourceVersionDate "2001.11.25"]
[SourceQuality "1"]
[WhiteTeam "Hamburger SK II"]
[BlackTeam "Hamburg Schachfreunde"]
[WhiteTeamCountry "GER"]
[BlackTeamCountry "GER"]

1. e4 c5 2. f4 Nc6 3. Nf3 d6 4. Nc3 Nf6 5. g3 e6 6. Bg2 d5 7. e5 Nd7 8. d3 Be7 9. 0-0 g6 10. Bd2 Rb8 11. a4 a6 12. Qe1 b5 13. axb5 axb5 14. g4 h5 15. h3 hxg4 16. hxg4 Bh4 17. Qe2 Be7 18. Rae1 Nd4 19. Nxd4 cxd4 20. Nb1 b4 21. b3 Qc7 22. Rc1 Ra8 23. g5 Ra2 24. Qd1 Nb8 25. Be1 Bb7 26. Nd2 Kd7 27. Nf3 Nc6 28. Bf2 Bc5 29. Ra1 Rha8 30. Rxa2 Rxa2 31. Kh2 Qa5 32. Kg3 Qa3 33. Rh1 Ne7 34. Bh3 Qb2 35. Ne1 Ra1 36. Qe2 Bb6 37. Bg4 Kc7 38. Rh8 Ra8 39. Rh7 Bc8 40. Kf3 Kd7 41. Qf1 Ra1 42. Rh1 Qc1 43. Qe2 Nc6 44. Kg3 Ne7 45. Rg1 Nc6 1/2-1/2

[Event "Oberliga Nord N 0102"]
[Site "Germany"]
[Date "2001.11.25"]
[Round "3.2"]
[White "Heinrich, Matthias"]
[Black "Neffe, Axel"]
[Result "0-1"]
[WhiteElo "2070"]
[BlackElo "2260"]
[PlyCount "70"]
[EventDate "2001.10.07"]
[EventType "team"]
[EventRounds "9"]
[EventCountry "GER"]
[SourceTitle "EXT 2002"]
[Source "ChessBase"]
[SourceDate "2001.11.25"]
[SourceVersion "1"]
[SourceVersionDate "2001.11.25"]
[SourceQuality "1"]
[WhiteTeam "Neukloster II"]
[BlackTeam "Hamburg Schachfreunde"]
[WhiteTeamCountry "GER"]
[BlackTeamCountry "GER"]

1. e4 c5 2. Nf3 Nc6 3. d4 cxd4 4. Nxd4 Nf6 5. Nc3 d6 6. Bg5 e6 7. Qd2 a6 8. 0-0-0 Bd7 9. f3 Qa5 10. Nb3 Qc7 11. Bd3 b5 12. Rhe1 Be7 13. g4 Ne5 14. Be2 b4 15. Nb1 a5 16. Be3 0-0 17. g5 Ne8 18. h4 Nc4 19. Bxc4 Qxc4 20. Qe2 Qc8 21. Rd2 Nc7 22. Qd1 e5 23. Nc5 Bh3 24. Nd3 Be6 25. b3 Nb5 26. Rh2 a4 27. Kb2 d5 28. h5 dxe4 29. fxe4 Bg4 30. Qc1 Nc3 31. Ka1 Nxb1 32. Kxb1 axb3 33. axb3 Be6 34. c4 bxc3 35. Kc2 Ra2+ 0-1

[Event "Oberliga Nord N 0001"]
[Site "Germany"]
[Date "2001.??.??"]
[Round "?"]
[White "Rabeler, Gert"]
[Black "Neffe, Axel"]
[Result "1/2-1/2"]
[WhiteElo "2330"]
[BlackElo "2250"]
[PlyCount "85"]
[EventDate "2000.10.??"]
[EventType "team"]
[EventRounds "9"]
[EventCountry "GER"]
[SourceTitle "EXT 2004"]
[Source "ChessBase"]
[SourceDate "2003.11.25"]
[SourceVersion "1"]
[SourceVersionDate "2003.11.25"]
[SourceQuality "1"]

1. Nf3 e6 2. b3 f5 3. g3 g6 4. Bb2 Nf6 5. Bg2 Bg7 6. 0-0 0-0 7. c4 d6 8. Nc3 e5 9. d3 Nc6 10. a3 h6 11. b4 g5 12. Nd2 Ne7 13. Qb3 Kh8 14. a4 Rb8 15. a5 Be6 16. Qa4 Bd7 17. b5 c5 18. bxc6 Bxc6 19. Bxc6 bxc6 20. Rfb1 e4 21. Qc2 d5 22. cxd5 cxd5 23. Ba3 Rc8 24. Qb3 Ng4 25. Rc1 Bd4 26. Bxe7 Qxe7 27. Nxd5 Qf7 28. Rxc8 Rxc8 29. Rf1 Qh5 30. h4 Nxf2 31. Qb7 Rd8 32. e3 Nh3+ 33. Kh1 Bg7 34. dxe4 Qe2 35. Qc7 Re8 36. Qd7 Rf8 37. Ne7 Nf2+ 38. Rxf2 Qxf2 39. Ng6+ Kg8 40. Qe6+ Rf7 41. Ne7+ Kf8 42. Ng6+ Kg8 43. Ne7+ 1/2-1/2

[Event "Oberliga Nord N 9899"]
[Site "Germany"]
[Date "1999.??.??"]
[Round "?"]
[White "Neffe, Axel"]
[Black "Lamprecht, Frank"]
[Result "0-1"]
[WhiteElo "2245"]
[BlackElo "2395"]
[PlyCount "98"]
[EventDate "1998.10.??"]
[EventType "team"]
[EventRounds "9"]
[EventCountry "GER"]
[SourceTitle "EXT 2000"]
[Source "ChessBase"]
[SourceDate "1999.11.16"]
[SourceVersion "1"]
[SourceVersionDate "1999.11.16"]
[SourceQuality "1"]

1. e4 e6 2. d4 d5 3. Nc3 Nf6 4. e5 Nfd7 5. Nce2 c5 6. c3 b5 7. f4 Nc6 8. a3 cxd4 9. Nxd4 Nxd4 10. cxd4 b4 11. a4 a5 12. b3 Be7 13. g3 0-0 14. Bh3 Qb6 15. Nf3 Ba6 16. Kf2 Rac8 17. Bb2 Rc7 18. Qd2 Rfc8 19. Rhc1 f6 20. Rxc7 Rxc7 21. Rc1 f5 22. g4 Rxc1 23. Qxc1 g6 24. gxf5 exf5 25. Bg2 Nf8 26. h4 Bb7 27. Bh3 Qd8 28. h5 Ne6 29. hxg6 hxg6 30. Ke3 Qf8 31. Qg1 Qh6 32. Qh2 Bf8 33. Bg2 Qxh2 34. Nxh2 Bh6 35. Kf3 Bxf4 36. Nf1 Kf7 37. Ne3 Bxe3 38. Kxe3 g5 39. Bf1 Bc6 40. Bd3 Kg6 41. Ba6 Bd7 42. Bd3 g4 43. Kf2 Kg5 44. Kg3 f4+ 45. Kf2 Nc7 46. Bc1 Bf5 47. Bb5 Bc2 48. Bd7 Bxb3 49. e6 Bc2 0-1